Whose company is it anyway (Record no. 73194)
[ view plain ]
| 000 -LEADER | |
|---|---|
| fixed length control field | 01108cam a2200181 4500 |
| 001 - CONTROL NUMBER | |
| control field | ABS66914 |
| 008 - FIXED-LENGTH DATA ELEMENTS--GENERAL INFORMATION | |
| fixed length control field | 030808n2003 000 0 eng u |
| 035 ## - SYSTEM CONTROL NUMBER | |
| System control number | (Sirsi) u123242 |
| 100 ## - MAIN ENTRY--PERSONAL NAME | |
| Personal name | Butcher, D. |
| 245 ## - TITLE STATEMENT | |
| Title | Whose company is it anyway |
| 260 ## - PUBLICATION, DISTRIBUTION, ETC. | |
| Date of publication, distribution, etc. | 2003 |
| 490 ## - SERIES STATEMENT | |
| Series statement | Management Today |
| Volume/sequential designation | July 2003, 62-65(4) |
| 520 ## - SUMMARY, ETC. | |
| Summary, etc. | Describes the recent instances of employee ownership at a range of companies including Aberdeen-based engineers Woollard and Henry and John Lewis Partnership. Explains how the issue of ownership of companies is often a controversial one with United Airlines recently filing for bankruptcy, spelling the end of what was described as 'an ill fated experiment in employee ownership'. However, argues that the case for such schemes now and in the future is still a strong one with difficult decisions such as redundancies often taken more effectively by employees than by the management. Briefly describes the types of democracy found in co-owned companies including driect and representative. |
| 590 ## - LOCAL NOTE (RLIN) | |
| Local note | ABS |
| 650 ## - SUBJECT ADDED ENTRY--TOPICAL TERM | |
| Topical term or geographic name entry element | CO-OWNERSHIP |
| 690 ## - LOCAL SUBJECT ADDED ENTRY--TOPICAL TERM (OCLC, RLIN) | |
| Topical term or geographic name as entry element | MANAGEMENT |
| 942 ## - ADDED ENTRY ELEMENTS (KOHA) | |
| Suppress in OPAC | 0 |
| Withdrawn status | Lost status | Source of classification or shelving scheme | Damaged status | Not for loan | Home library | Current library | Shelving location | Date acquired | Total Checkouts | Full call number | Barcode | Date last seen | Copy number | Price effective from | Koha item type |
|---|---|---|---|---|---|---|---|---|---|---|---|---|---|---|---|
| Dewey Decimal Classification | London | London | Journal article | 08/08/2003 | ABS66914 | 123242-1001 | 06/08/2019 | 1 | 06/08/2019 | Journal article |